000
00364nam a2200133Ia 4500
008
100328s9999 xx 000 0 und d
082
_b
49962
100
_a
पै शिरीष
245
_a
कोलाज.
260
_b
मेहता पब्लिशिंग हाऊस
630
_a
कोलाज.
730
_a
कोलाज.
942
_c
BOOK
999
_c
537197
_d
537194